000 00571nam a22002417a 4500
003 UA-OsUOA
001 29831
007 ta
008 20041028b un ||||| |||| 00| 0 ukr d
100 _aДаркевич В.П.
090 _a75(100)
_bД17
942 _cBK
040 _aUA-OsUOA
_brus
_cUA-OsUOA
_dUA-OsUOA
245 _aПутями средневековых мастеров
300 _a192 с.
955 _a0
041 _arus
080 _a75(100)
260 _aМосква
_bНаука
_c1972
044 _aRU
650 7 _2UDC
999 _c316230
_d316230